| 000 | 00782nam a2200241Ia 4500 | ||
|---|---|---|---|
| 003 | OSt | ||
| 005 | 20221005113546.0 | ||
| 006 | a|||||r|||| 00| 0 | ||
| 007 | ta | ||
| 008 | 221004b |||||||| |||| 00| 0 pan d | ||
| 020 |
_a8176470880 (hbk) _c500 |
||
| 024 | _a95961 | ||
| 037 |
_b72878, 31/12/2008, Arsee Publishers _cTextual |
||
| 040 |
_aCRL _cCRL _bpan |
||
| 041 |
_2pan _apan |
||
| 082 | _aQ8441:g, 153P7 | ||
| 100 | _aਪੂਰਨ ਸਿੰਘ | ||
| 245 | 0 | _aਸਿੱਖੀ ਦੀ ਆਤਮਾ | |
| 260 |
_aਲੁਧਿਆਨਾ _bਲਾਹੌਰ ਬੁੱਕ ਭਾਰਤ _c2007 |
||
| 300 |
_a686ਪੰ _ccm. |
||
| 942 |
_hQ8441:g, 153P7 _cTEXL _2cc |
||
| 999 |
_c1028580 _d1028580 |
||